000 01149nam a2200241Ia 4500
003 Ost
005 20260507075252.0
008 260507s9999||||xx |||||||||||||| ||und||
040 _cfsecg
041 _aara
082 _a330
100 _aالعتيبي، ضرار
_eمؤلف
245 0 _aالمشروعات الصناعية :
_bإدارة المواد /
_c ضرار العتيبي
260 _aعمان:
_bدار اليازوري,
_c2009
300 _a272 صفحة؛
_bإيضاحات ؛
_c24 سم
504 _aمراجع ص.269
520 _aطبيعة ادارة المواد ، الأطر التنظيمية لجهاز ادارة المواد ، اجراءات و أنظمة الشراء ،تقدير و تخطيط الاحتياجات من المواد ، الشراء بالكمية المناسبة و الشراء بالجودة المناسبة ، مصدر التوريد المناسب .
653 _aالادارة الصناعية
653 _aالمشاريع الصناعية
700 _aاو سعده، ابراهيم
_eمؤلف ثانوي
700 _aزهران، علي
_eمؤلف ثانوي
942 _cكتاب
999 _c43702
_d43702